Statistiken für Kennzeichen in Mecklenburg-Vorpommern

Klicken Sie hier um das Quiz zu spielen!

Allgemein

  • Dieses Quiz wurde 46 mal gespielt
    (6 seit der letzten Aktualisierung)
  • Das Durchschnittsergebnis liegt bei 22 aus 34

Antwortstatistiken

KennzeichenStadt% Korrekt
ANKAnklam
100%
MÜRMüritz
100%
PCHParchim
100%
RÜGRügen
100%
SNSchwerin
100%
WRNWaren
100%
DBRBad Doberan
80%
Güstrow
80%
HGNHagenow
80%
NBNeubrandenburg
80%
TETTeterow
80%
HWIWismar
80%
ATAltentreptow
60%
BÜZBützow
60%
GWGreifswald
60%
LWLLudwigslust
60%
MSEMecklenburgische Seenplatte
60%
NZNeustrelitz
60%
NVPNordvorpommern
60%
OVPOstvorpommern
60%
PWPasewalk
60%
HRORostock
60%
ROSRostock
60%
STBSternburg
60%
HSTStralsund
60%
UEMUeckermünde
60%
DMDemmin
40%
LBZLübz
40%
MSTMecklenburg-Strelitz
40%
SBGStrasburg
40%
WLGWolgast
40%
GDBGadebusch
20%
GMNGrimmen
20%
MCMalchin
20%

Verteilung der Resultate

Perzentil nach korrekt beantworteten Fragen

Anzahl Personen mit jedem Resultat

Ihre Resultats-Entwicklung

Sie haben dieses Quiz seit der letzten Aktualisierung nicht gespielt